000 01287nam a2200253Ia 4500
999 _c53448
_d53448
001 20492
003 GE_BSU
005 20210104225301.0
008 181216s1981||||ge |||||||||||||| || ||
040 _cGE_BSU
041 _ageo
080 _a821.353.1(075.3) მ-97
245 _aმშობლიური ლიტერატურა :
_bIV კლ. სახელმძღვანელო /
_cშემდგ. : ვ. რამიშვილი, კლ. დევდარიანი, შ. თაბუკაშვილი ; რედ. თ. ჯიჯეიშვილი.
250 _aმე-11 გადამუშავებული გამოცემა
264 _aთბილისი :
_bგანათლება,
_c1981.
300 _a207 გვ. :
_bილ. ;
_c21 სმ.
541 _h60 თ.
653 _aმშობლიური ლიტერატურა
700 _aრამიშვილი, ვ.
_eშემდგენელი
_99987
700 _aდევდარიანი, კლ.
_eშემდგენელი
_99988
700 _aთაბუკაშვილი, შ.
_eშემდგენელი
_99989
700 _aჯიჯეიშვილი, თ.
_eრედაქტორი
_99990
942 _cBK
_2udc